Changements de divisions dans Bleach - Statistiques

Statistiques générales
  • Ce quiz a été pris 97 fois
  • Le résultat moyen est 5 sur 9
Statistiques - réponses
Divisions Nom du personnage % Correct
8e division -> 1ère division Shunsui Kyōraku
92%
8e division -> 1ère division Nanao Ise
82%
5e division -> 11e division -> 6e division Renji Abarai
77%
11e division -> 4e division Yachiru Unohana
76%
2e division -> 12e division Kisuke Urahara
63%
5e division -> 4e division -> 3e division Izuru Kira
60%
11e division -> 7e division Tetsuzaemon Iba
45%
13e division -> 4e division Kiyone Kotetsu
27%
10e division -> 12e division Ōko Yushima
1%
Aucun quiz correspondant
Distribution des résultats
% des personnes avec chaque résultat
Percentile par nombre de réponses
Votre historique - résultats
Vous n’avez pas pris ce quiz